000 00385nam a2200145Ia 4500
008 231207s9999 xx 000 0 und d
041 _aeng
082 _a004.21/JAM
100 _aJames A. Senn
245 _aAnalysis and Design of information System
250 _a2003, 2nd Edition
260 _bTata mc graw hill Delhi
300 _aPB/853
650 _aComnputer Program Language
999 _c946371
_d946371